Top 50 FIFA Country Rankings of the World - Statistics

General Stats
  • This quiz has been taken 3,818 times
    3,722 since last reset
  • The average score is 34 of 49
Answer Stats
Total Points Country % Correct
1634 Argentina
97%
1544 Brazil
96%
1305 France
96%
1433 Germany
94%
1166 Spain
93%
1114 England
92%
1229 Portugal
92%
1368 Belgium
91%
1083 Italy
91%
644 Japan
86%
1012 Mexico
86%
887 Netherlands
86%
675 Sweden
86%
1187 Uruguay
84%
1404 Chile
83%
1103 Croatia
83%
1087 Poland
82%
643 Denmark
80%
1129 Switzerland
80%
649 Australia
79%
1345 Colombia
79%
726 Egypt
77%
699 South Korea
77%
773 Austria
75%
858 Ireland
74%
674 Greece
73%
851 Turkey
72%
804 Ukraine
72%
1121 Wales
72%
647 Serbia
71%
743 Senegal
69%
619 Nigeria
67%
826 Hungary
65%
837 Slovakia
65%
687 Algeria
64%
816 Iran
63%
684 Paraguay
62%
690 Romania
61%
890 Ecuador
60%
889 Iceland
59%
641 Saudi Arabia
58%
1041 Costa Rica
56%
713 Tunisia
49%
671 Czech Republic
45%
767 Northern Ireland
35%
822 United States
24%
825 Bosnia and Herzegovina
9%
733 Côte d'Ivoire
9%
630 DR Congo
3%
No matching quizzes found
Score Distribution
Percent of People with Each Score
Percentile by Number Answered
Your Score History
You have not taken this quiz since the last reset